Les 16 animaux les plus étranges à voir dans d'autres pays - Statistiques

Statistiques générales
  • Ce quiz a été pris 38 fois
  • Le résultat moyen est 3 sur 16
Statistiques - réponses
Par images Réponse % Correct
Nasique
85%
Ligre
55%
Dugong - Vache marine
45%
Aye-Aye
36%
Rat-taupe nu
36%
Crabe des cocotiers
30%
Baleine albinos
15%
Crabe araignée géant du Japon
9%
Tortue à nez de cochon
9%
Moloch hérissé
3%
Poisson-chauve-souris
3%
Crapaud Pipa Pipa
0%
Glaucus atlanticus
0%
Lézard Ajolote
0%
Physalie
0%
Tarsier des Philippines
0%
Aucun quiz correspondant
Distribution des résultats
% des personnes avec chaque résultat
Percentile par nombre de réponses
Votre historique - résultats
Vous n’avez pas pris ce quiz